Eternal word and changing worlds: (Record no. 10154)

000 -LEADER
fixed length control field 00724nam a2200229 a 4500
001 - CONTROL NUMBER
control field :::00007939$&:&@@
003 - CONTROL NUMBER IDENTIFIER
control field OkBaRHE
005 - DATE AND TIME OF LATEST TRANSACTION
control field 20000607103340.0
008 - FIXED-LENGTH DATA ELEMENTS--GENERAL INFORMATION
fixed length control field s1984 j 000 0 eng u
020 ## - INTERNATIONAL STANDARD BOOK NUMBER
International Standard Book Number 0310453216 (pbk.)
040 ## - CATALOGING SOURCE
Transcribing agency
100 1# - MAIN ENTRY--PERSONAL NAME
Personal name Conn, Harvie M.
245 10 - TITLE STATEMENT
Title Eternal word and changing worlds:
Remainder of title theology, anthropology, and mission in trialogue.
260 ## - PUBLICATION, DISTRIBUTION, ETC. (IMPRINT)
Place of publication, distribution, etc Grand Rapids, MI., :
Name of publisher, distributor, etc Zondervan
Date of publication, distribution, etc c1984
300 ## - PHYSICAL DESCRIPTION
Extent 372 p. ;
Dimensions 21 cm.
650 ## - SUBJECT ADDED ENTRY--TOPICAL TERM
Topical term or geographic name as entry element Christianity and Other Religions
650 ## - SUBJECT ADDED ENTRY--TOPICAL TERM
Topical term or geographic name as entry element Ethnology
650 ## - SUBJECT ADDED ENTRY--TOPICAL TERM
Topical term or geographic name as entry element Missions
General subdivision Theory
650 ## - SUBJECT ADDED ENTRY--TOPICAL TERM
Topical term or geographic name as entry element Religion
942 ## - ADDED ENTRY ELEMENTS (KOHA)
Source of classification or shelving scheme
Koha item type Books
Copies
Lost status Permanent Location Withdrawn status Not for loan Source of classification or shelving scheme Shelving location Copy number Koha item type Price effective from Barcode Date last seen Date acquired Damaged status Full call number
 RHEMA Bible Training College   General Stacks1Books2010-04-1479392010-04-142010-04-14 BV 2063 .C627